000 00279nam a2200085Ia 4500
245 0 _aFact or fiction : looking at forensic investigations and technologies
100 _a BURNSCOTT, Leela South Yarra, 2009
_992105
942 _cBK
008 210818s9999 xx 000 0 und d
999 _c431538
_d431537